000
00287nam a22001217a 4500
008
180103b xxu||||| |||| 00| 0 eng d
041
_a
eng
080
_a
030 BRA
100
_a
23
101
_a
ENC
245
_a
FUNK& WAGNALLS NEW ENCYCLOPEDIA 1987 YEARBOOK
_c
BRAM,L.L
942
_2
udc
_c
BK
999
_c
39631
_d
39631